[Event "POL-chT 2 Liga 2019"]
[Site "Poronin"]
[Date "2019.09.07"]
[Round "1.11"]
[White "Kolasinski, Krzysztof"]
[Black "Kwiatkowski, Wiktor"]
[Result "1/2-1/2"]
[WhiteElo "2104"]
[BlackElo "2011"]
[Annotator "ChessBase"]
[PlyCount "144"]
[EventDate "2019.09.07"]
[EventType "team-tourn"]
[EventCountry "POL"]
[SourceTitle "playchess.com"]
[Source "ChessBase"]
[SourceQuality "1"]
[TimeControl "40/5400+30:1800+30"]

1. d4 {[%emt 0:00:00]} Nf6 {[%emt 0:00:07]} 2. c4 {[%emt 0:00:00]} g6 {[%emt 0:00:08]} 3. Nc3 {[%emt 0:00:08]} Bg7 {[%emt 0:00:07]} 4. e4 {[%emt 0:00:08]} d6 {[%emt 0:00:06]} 5. Be2 {[%emt 0:00:10]} O-O {[%emt 0:00:20]} 6. Nf3 {[%emt 0:00:18]} c5 {[%emt 0:05:37]} 7. O-O {[%emt 0:00:15]} Nc6 {[%emt 0:05:53]} 8. d5 {[%emt 0:04:44]} Na5 {[%emt 0:00:12]} 9. h3 {[%emt 0:00:31]} a6 {[%emt 0:04:26]} 10. Bg5 {[%emt 0:11:45]} Rb8 {[%emt 0:07:37]} 11. Rb1 {[%emt 0:05:00]} h6 {[%emt 0:10:21]} 12. Bf4 {[%emt 0:03:33]} b5 {[%emt 0:01:54]} 13. cxb5 {[%emt 0:03:34]} axb5 {[%emt 0:00:13]} 14. b4 {[%emt 0:01:31]} cxb4 {[%emt 0:11:32]} 15. Rxb4 {[%emt 0:01:47]} Ba6 {[%emt 0:10:45]} 16. Qd2 {[%emt 0:04:01]} g5 {[%emt 0:03:33]} 17. Be3 {[%emt 0:00:07]} Nc4 {[%emt 0:06:44]} 18. Bxc4 {[%emt 0:00:39]} bxc4 {[%emt 0:00:02]} 19. Rxb8 {[%emt 0:00:12]} Qxb8 {[%emt 0:00:01]} 20. Nd4 {[%emt 0:00:37]} Qc7 {[%emt 0:03:53]} 21. Rc1 {[%emt 0:06:47]} Re8 {[%emt 0:08:59]} 22. Nf5 {[%emt 0:05:29]} Bf8 {[%emt 0:02:05]} 23. h4 {[%emt 0:05:53]} Bc8 {[%emt 0:03:59]} 24. hxg5 {[%emt 0:03:44]} hxg5 {[%emt 0:02:52]} 25. Ng3 {[%emt 0:13:07]} Ng4 {[%emt 0:05:34]} 26. Bd4 {[%emt 0:05:03]} f6 {[%emt 0:01:46]} 27. Nb5 {[%emt 0:01:56]} Qd7 {[%emt 0:00:55]} 28. a4 {[%emt 0:00:36]} Ba6 {[%emt 0:03:38]} 29. Qa5 {[%emt 0:03:16]} Bxb5 {[%emt 0:00:34]} 30. Qxb5 {[%emt 0:01:12]} Qxb5 {[%emt 0:00:13]} 31. axb5 {[%emt 0:00:02]} Rb8 {[%emt 0:00:30]} 32. b6 {[%emt 0:00:21]} Ne5 {[%emt 0:00:01]} 33. Ne2 {[%emt 0:05:02]} Nd7 {[%emt 0:01:22]} 34. Rb1 {[%emt 0:00:11]} Rb7 {[%emt 0:00:04]} 35. Nc3 {[%emt 0:00:16]} Bg7 {[%emt 0:00:54]} 36. Kf1 {[%emt 0:10:39]} f5 {[%emt 0:00:14]} 37. Bxg7 {[%emt 0:00:02]} Kxg7 {[%emt 0:00:01]} 38. Na4 {[%emt 0:01:37]} fxe4 {[%emt 0:00:32]} 39. Rb5 {[%emt 0:03:48]} Kf6 {[%emt 0:01:04]} 40. Ra5 {[%emt 0:00:00]} Nxb6 {[%emt 0:00:00]} 41. Rb5 {[%emt 0:06:51]} c3 {[%emt 0:11:35]} 42. Nxc3 {[%emt 0:00:15]} Rb8 {[%emt 0:03:33]} 43. Nxe4+ {[%emt 0:09:55]} Kf5 {[%emt 0:00:51]} 44. f3 {[%emt 0:05:13]} Nd7 {[%emt 0:00:34]} 45. Ra5 {[%emt 0:00:40]} Rb1+ {[%emt 0:09:35]} 46. Kf2 {[%emt 0:01:04]} Rb2+ {[%emt 0:00:16]} 47. Ke3 {[%emt 0:04:20]} Rxg2 {[%emt 0:01:19]} 48. Ra7 {[%emt 0:01:53]} Nf6 {[%emt 0:02:12]} 49. Kd4 {[%emt 0:01:56]} Nxe4 {[%emt 0:03:30]} 50. fxe4+ {[%emt 0:00:02]} Kf6 {[%emt 0:00:01]} 51. Ra8 {[%emt 0:00:15]} Rg3 {[%emt 0:02:19]} 52. Rf8+ {[%emt 0:01:41]} Kg7 {[%emt 0:00:05]} 53. Rf5 {[%emt 0:01:13]} Kg6 {[%emt 0:00:38]} 54. Rf8 {[%emt 0:00:11]} Ra3 {[%emt 0:01:04]} 55. Rg8+ {[%emt 0:00:08]} Kf6 {[%emt 0:00:09]} 56. Rf8+ {[%emt 0:00:17]} Kg7 {[%emt 0:00:33]} 57. Rf5 {[%emt 0:00:01]} Kg6 {[%emt 0:00:01]} 58. Rf8 {[%emt 0:00:06]} g4 {[%emt 0:01:23]} 59. Rg8+ {[%emt 0:00:12]} Kh5 {[%emt 0:00:31]} 60. Rg7 {[%emt 0:00:01]} Ra7 {[%emt 0:00:15]} 61. e5 {[%emt 0:00:20]} Ra4+ {[%emt 0:00:37]} 62. Ke3 {[%emt 0:00:07]} g3 {[%emt 0:00:37]} 63. Kf3 {[%emt 0:02:04]} dxe5 {[%emt 0:00:30]} 64. Rxe7 {[%emt 0:02:03]} Rf4+ {[%emt 0:00:31]} 65. Kxg3 {[%emt 0:00:07]} Rd4 {[%emt 0:00:27]} 66. Rxe5+ {[%emt 0:00:09]} Kg6 {[%emt 0:00:00]} 67. Kf3 {[%emt 0:00:40]} Kf6 {[%emt 0:00:29]} 68. Rh5 {[%emt 0:00:45]} Kg6 {[%emt 0:00:50]} 69. Ke3 {[%emt 0:00:22]} Rd1 {[%emt 0:00:10]} 70. Re5 {[%emt 0:01:39]} Kf6 {[%emt 0:00:07]} 71. Re6+ {[%emt 0:00:08]} Kf5 {[%emt 0:00:41]} 72. Rd6 {[%emt 0:00:23]} Ke5 {Ke4+} 1/2-1/2

[Event "POL-chT 2 Liga 2019"]
[Site "Poronin"]
[Date "2019.09.07"]
[Round "1.12"]
[White "Pastuszko, Kinga"]
[Black "Dmochowska, Agnieszka"]
[Result "1/2-1/2"]
[WhiteElo "1998"]
[BlackElo "2110"]
[Annotator "ChessBase"]
[PlyCount "92"]
[EventDate "2019.09.07"]
[EventType "team-tourn"]
[EventCountry "POL"]
[SourceTitle "playchess.com"]
[Source "ChessBase"]
[SourceQuality "1"]
[TimeControl "40/5400+30:1800+30"]

1. e4 {[%emt 0:00:12]} c5 {[%emt 0:00:00]} 2. Nf3 {[%emt 0:00:13]} Nc6 {[%emt 0:00:00]} 3. d4 {[%emt 0:00:16]} cxd4 {[%emt 0:00:00]} 4. Nxd4 {[%emt 0:00:07]} e5 {[%emt 0:00:00]} 5. Nb5 {[%emt 0:00:35]} d6 {[%emt 0:00:12]} 6. N1c3 {[%emt 0:00:54]} a6 {[%emt 0:00:15]} 7. Na3 {[%emt 0:00:38]} b5 {[%emt 0:00:06]} 8. Nd5 {[%emt 0:00:06]} Nge7 {[%emt 0:00:06]} 9. Bg5 {[%emt 0:06:58]} h6 {[%emt 0:00:36]} 10. Bxe7 {[%emt 0:09:37]} Bxe7 {[%emt 0:01:17]} 11. c3 {[%emt 0:00:39]} O-O {[%emt 0:00:33]} 12. g3 {[%emt 0:01:30]} Rb8 {[%emt 0:10:34]} 13. Nc2 {[%emt 0:03:12]} f5 {[%emt 0:06:45]} 14. Bg2 {[%emt 0:09:17]} Kh8 {[%emt 0:06:08]} 15. exf5 {[%emt 0:05:32]} Bxf5 {[%emt 0:00:15]} 16. Nce3 {[%emt 0:00:16]} Be6 {[%emt 0:10:53]} 17. O-O {[%emt 0:09:56]} b4 {[%emt 0:04:29]} 18. Be4 {[%emt 0:02:06]} bxc3 {[%emt 0:04:06]} 19. bxc3 {[%emt 0:01:08]} Bg5 {[%emt 0:03:11]} 20. Qh5 {[%emt 0:08:25]} Bf7 {[%emt 0:00:56]} 21. Qg4 {[%emt 0:12:55]} Ne7 {[%emt 0:12:20]} 22. Nxe7 {[%emt 0:08:53]} Qxe7 {[%emt 0:00:42]} 23. Nf5 {[%emt 0:00:17]} Qe6 {[%emt 0:02:10]} 24. h4 {[%emt 0:02:03]} Bf6 {[%emt 0:00:39]} 25. Rfd1 {[%emt 0:02:37]} Rb6 {[%emt 0:05:39]} 26. Bd5 {[%emt 0:06:26]} Qc8 {[%emt 0:03:37]} 27. Bxf7 {[%emt 0:01:12]} Rxf7 {[%emt 0:00:08]} 28. Qg6 {[%emt 0:02:09]} Rf8 {[%emt 0:08:50]} 29. Nxd6 {[%emt 0:00:29]} Qc7 {[%emt 0:11:15]} 30. Ne4 {[%emt 0:04:09]} Bxh4 {[%emt 0:05:06]} 31. Qg4 {[%emt 0:00:11]} Bg5 {[%emt 0:00:03]} 32. Nxg5 {[%emt 0:01:44]} hxg5 {[%emt 0:00:09]} 33. Qxg5 {[%emt 0:00:37]} Rh6 {[%emt 0:02:36]} 34. Qd2 {[%emt 0:01:06]} Qc8 {[%emt 0:02:15]} 35. Qd7 {[%emt 0:00:05]} Qxc3 {[%emt 0:00:06]} 36. Qd3 {[%emt 0:00:23]} Qc5 {[%emt 0:01:08]} 37. Rd2 {[%emt 0:00:31]} Qc8 {[%emt 0:00:14]} 38. Rad1 {[%emt 0:01:03]} Qh3 {[%emt 0:01:00]} 39. Qd5 {[%emt 0:00:24]} Qh2+ {[%emt 0:00:12]} 40. Kf1 {[%emt 0:00:00]} Qxg3 {[%emt 0:00:00]} 41. Qg2 {[%emt 0:03:12]} Qxg2+ {[%emt 0:09:40]} 42. Kxg2 {[%emt 0:00:06]} Rg6+ {[%emt 0:00:14]} 43. Kf1 {[%emt 0:00:28]} Rgf6 {[%emt 0:00:08]} 44. Re1 {[%emt 0:01:16]} Rf5 {[%emt 0:00:09]} 45. Ree2 {[%emt 0:03:56]} R8f6 {[%emt 0:00:43]} 46. Rd8+ {[%emt 0:00:25]} Kh7 {[%emt 0:00:43]} 1/2-1/2

[Event "POL-chT 2 Liga 2019"]
[Site "Poronin"]
[Date "2019.09.07"]
[Round "1.13"]
[White "Lapaj, Mateusz"]
[Black "Maciejczak, Jakub"]
[Result "1/2-1/2"]
[WhiteElo "2207"]
[BlackElo "2383"]
[Annotator "ChessBase"]
[PlyCount "99"]
[EventDate "2019.09.07"]
[EventType "team-tourn"]
[EventCountry "POL"]
[SourceTitle "playchess.com"]
[Source "ChessBase"]
[SourceQuality "1"]
[TimeControl "40/5400+30:1800+30"]

1. e4 {[%emt 0:00:00]} c6 {[%emt 0:00:00]} 2. d4 {[%emt 0:00:00]} d5 {[%emt 0:00:08]} 3. e5 {[%emt 0:00:00]} Bf5 {[%emt 0:00:24]} 4. Nf3 {[%emt 0:00:00]} e6 {[%emt 0:00:21]} 5. Be2 {[%emt 0:00:00]} Nd7 {[%emt 0:01:03]} 6. O-O {[%emt 0:00:00]} h6 {[%emt 0:08:37]} 7. Nbd2 {[%emt 0:00:17]} Ne7 {[%emt 0:00:48]} 8. Nb3 {[%emt 0:00:06]} Bh7 {[%emt 0:02:34]} 9. Bd2 {[%emt 0:02:33]} Ng6 {[%emt 0:01:18]} 10. Rc1 {[%emt 0:01:22]} Be7 {[%emt 0:07:42]} 11. c4 {[%emt 0:00:06]} O-O {[%emt 0:11:56]} 12. cxd5 {[%emt 0:01:48]} cxd5 {[%emt 0:01:12]} 13. Ne1 {[%emt 0:10:50]} Nh4 {[%emt 0:10:23]} 14. g3 {[%emt 0:26:04]} Nf5 {[%emt 0:05:35]} 15. Ng2 {[%emt 0:00:39]} Nb6 {[%emt 0:06:16]} 16. g4 {[%emt 0:14:35]} Nh4 {[%emt 0:00:16]} 17. Nxh4 {[%emt 0:00:15]} Bxh4 {[%emt 0:00:07]} 18. Nc5 {[%emt 0:00:28]} Nc4 {[%emt 0:15:38]} 19. Bb4 {[%emt 0:18:17]} Qb6 {[%emt 0:05:17]} 20. Qb3 {[%emt 0:00:27]} Rfc8 {[%emt 0:02:38]} 21. Bxc4 {[%emt 0:03:17]} dxc4 {[%emt 0:00:07]} 22. Rxc4 {[%emt 0:02:47]} Qc6 {[%emt 0:04:21]} 23. Qh3 {[%emt 0:03:38]} Be7 {[%emt 0:02:38]} 24. b3 {[%emt 0:02:37]} Qd5 {[%emt 0:01:47]} 25. Qe3 {[%emt 0:09:20]} b6 {[%emt 0:07:57]} 26. Na6 {[%emt 0:00:08]} Bg5 {[%emt 0:02:39]} 27. f4 {[%emt 0:00:23]} Bd8 {[%emt 0:00:07]} 28. Rxc8 {[%emt 0:03:30]} Rxc8 {[%emt 0:00:05]} 29. Bd2 {[%emt 0:00:14]} Qb5 {[%emt 0:01:54]} 30. Nb4 {[%emt 0:00:15]} Be7 {[%emt 0:00:28]} 31. a4 {[%emt 0:00:42]} Qd7 {[%emt 0:00:08]} 32. Nd3 {[%emt 0:00:42]} Qd5 {[%emt 0:00:49]} 33. Rc1 {[%emt 0:00:14]} Rd8 {[%emt 0:00:33]} 34. Bb4 {[%emt 0:00:39]} Qxd4 {[%emt 0:00:36]} 35. Qxd4 {[%emt 0:00:04]} Rxd4 {[%emt 0:00:06]} 36. Rc8+ {[%emt 0:00:25]} Rd8 {[%emt 0:00:28]} 37. Rxd8+ {[%emt 0:00:18]} Bxd8 {[%emt 0:00:05]} 38. Ne1 {[%emt 0:00:15]} f6 {[%emt 0:00:36]} 39. Kf2 {[%emt 0:00:20]} fxe5 {[%emt 0:00:36]} 40. fxe5 {[%emt 0:00:00]} Kf7 {[%emt 0:00:00]} 41. Nf3 {[%emt 0:01:03]} Be4 {[%emt 0:07:59]} 42. Nd4 {[%emt 0:04:27]} Bd5 {[%emt 0:10:07]} 43. Bd6 {[%emt 0:06:29]} a6 {[%emt 0:01:34]} 44. b4 {[%emt 0:02:12]} Kg6 {[%emt 0:00:51]} 45. b5 axb5 {[%emt 0:01:12]} 46. axb5 {[%emt 0:01:55]} h5 {[%emt 0:01:33]} 47. h3 {[%emt 0:07:38]} Bc4 {[%emt 0:02:30]} 48. Kg3 {[%emt 0:05:24]} Bg5 {[%emt 0:01:47]} 49. gxh5+ {[%emt 0:00:35]} Kxh5 {[%emt 0:00:13]} 50. Bc7 1/2-1/2

[Event "POL-chT 2 Liga 2019"]
[Site "Poronin"]
[Date "2019.09.07"]
[Round "1.16"]
[White "Wlodarczyk, Oskar"]
[Black "Garbowski, Jakub"]
[Result "0-1"]
[WhiteElo "2243"]
[BlackElo "2052"]
[Annotator "ChessBase"]
[PlyCount "132"]
[EventDate "2019.09.07"]
[EventType "team-tourn"]
[EventCountry "POL"]
[SourceTitle "playchess.com"]
[Source "ChessBase"]
[SourceQuality "1"]
[TimeControl "40/5400+30:1800+30"]

1. c4 {[%emt 0:00:00]} Nf6 {[%emt 0:00:00]} 2. Nc3 {[%emt 0:00:00]} d5 {[%emt 0:01:16]} 3. cxd5 {[%emt 0:01:12]} Nxd5 {[%emt 0:00:19]} 4. g3 {[%emt 0:00:14]} g6 {[%emt 0:00:26]} 5. Bg2 {[%emt 0:01:13]} Nb6 {[%emt 0:01:17]} 6. d3 {[%emt 0:01:33]} Bg7 {[%emt 0:01:25]} 7. Be3 {[%emt 0:01:11]} Nc6 {[%emt 0:02:10]} 8. Rc1 {[%emt 0:01:47]} Be6 {[%emt 0:04:44]} 9. Qd2 {[%emt 0:09:41]} Nd5 {[%emt 0:06:18]} 10. Bh6 {[%emt 0:04:53]} Bxh6 {[%emt 0:08:02]} 11. Qxh6 {[%emt 0:01:11]} Nxc3 {[%emt 0:02:15]} 12. Qg7 {[%emt 0:09:04]} Rf8 {[%emt 0:00:45]} 13. Bxc6+ {[%emt 0:00:19]} bxc6 {[%emt 0:00:54]} 14. Qxc3 {[%emt 0:00:50]} Qd5 {[%emt 0:06:24]} 15. Nf3 {[%emt 0:05:27]} Rb8 {[%emt 0:09:48]} 16. b3 {[%emt 0:02:32]} Rb6 {[%emt 0:03:09]} 17. O-O {[%emt 0:04:46]} f6 {[%emt 0:03:57]} 18. Qd2 {[%emt 0:08:15]} Bg4 {[%emt 0:08:05]} 19. Nh4 {[%emt 0:03:54]} Qh5 {[%emt 0:18:43]} 20. Qe3 {[%emt 0:02:08]} g5 {[%emt 0:04:51]} 21. Rc5 {[%emt 0:05:56]} Qf7 {[%emt 0:03:50]} 22. Nf3 {[%emt 0:01:18]} Bxf3 {[%emt 0:05:04]} 23. Qxf3 {[%emt 0:00:07]} Kd7 {[%emt 0:00:30]} 24. Rfc1 {[%emt 0:00:42]} Qe6 {[%emt 0:00:31]} 25. d4 {[%emt 0:04:36]} Rc8 {[%emt 0:01:59]} 26. R1c3 {[%emt 0:03:40]} Rd8 {[%emt 0:05:09]} 27. d5 {[%emt 0:05:26]} cxd5 {[%emt 0:00:22]} 28. Rxc7+ {[%emt 0:06:01]} Ke8 {[%emt 0:00:22]} 29. Qh5+ {[%emt 0:00:59]} Kf8 {[%emt 0:00:22]} 30. Qxh7 {[%emt 0:05:14]} d4 {[%emt 0:00:36]} 31. Rc1 {[%emt 0:02:09]} Rbd6 {[%emt 0:00:44]} 32. Qh8+ {[%emt 0:04:05]} Kf7 {[%emt 0:00:06]} 33. Qh5+ {[%emt 0:00:04]} Kf8 {[%emt 0:00:05]} 34. Rxa7 {[%emt 0:01:00]} d3 {[%emt 0:00:56]} 35. exd3 {[%emt 0:00:26]} Rxd3 {[%emt 0:00:14]} 36. Kf1 {[%emt 0:02:25]} Qe4 {[%emt 0:01:20]} 37. Kg1 {[%emt 0:02:27]} g4 {[%emt 0:00:25]} 38. Qh8+ {[%emt 0:00:27]} Kf7 {[%emt 0:00:06]} 39. Qh5+ {[%emt 0:00:08]} Kg7 {[%emt 0:00:41]} 40. Rf1 {[%emt 0:00:00]} R3d5 {[%emt 0:00:00]} 41. Ra4 {[%emt 0:01:29]} Qxa4 {[%emt 0:02:22]} 42. Qxd5 {[%emt 0:00:40]} Rxd5 {[%emt 0:00:07]} 43. bxa4 {[%emt 0:00:01]} Rd4 {[%emt 0:00:36]} 44. Ra1 {[%emt 0:03:42]} Rxa4 {[%emt 0:01:09]} 45. a3 {[%emt 0:00:07]} Kg6 {[%emt 0:01:52]} 46. Kf1 {[%emt 0:00:58]} Kf5 {[%emt 0:00:19]} 47. Ra2 {[%emt 0:03:09]} e5 {[%emt 0:01:47]} 48. Ke2 {[%emt 0:00:59]} Ke4 {[%emt 0:00:51]} 49. Kd2 {[%emt 0:00:39]} Kf3 {[%emt 0:05:05]} 50. Kc3 {[%emt 0:02:40]} Kg2 {[%emt 0:02:23]} 51. f4+ {[%emt 0:01:06]} Kf3 {[%emt 0:00:17]} 52. fxe5 {[%emt 0:02:52]} fxe5 {[%emt 0:00:08]} 53. Kb3 {[%emt 0:01:35]} Ra8 {[%emt 0:00:20]} 54. Ra1 {[%emt 0:04:09]} e4 {[%emt 0:02:14]} 55. Rf1+ {[%emt 0:00:52]} Ke2 {[%emt 0:05:15]} 56. Rf4 {[%emt 0:00:09]} e3 {[%emt 0:00:12]} 57. Rxg4 {[%emt 0:02:06]} Kd3 {[%emt 0:00:18]} 58. Rg7 {[%emt 0:02:29]} Rb8+ {[%emt 0:00:50]} 59. Ka4 {[%emt 0:04:55]} Re8 {[%emt 0:05:59]} 60. Rd7+ {[%emt 0:02:36]} Kc2 {[%emt 0:02:05]} 61. Rc7+ {[%emt 0:00:27]} Kb2 {[%emt 0:01:50]} 62. Rb7+ {[%emt 0:00:09]} Ka2 {[%emt 0:00:55]} 63. Rc7 {[%emt 0:02:49]} Re4+ {[%emt 0:00:46]} 64. Kb5 {[%emt 0:00:39]} Kb2 {[%emt 0:00:18]} 65. Rd7 {[%emt 0:03:07]} e2 {[%emt 0:00:10]} 66. Rd2+ {[%emt 0:00:06]} Kxa3 {[%emt 0:00:14]} 0-1

[Event "POL-chT 2 Liga 2019"]
[Site "Poronin"]
[Date "2019.09.07"]
[Round "1.17"]
[White "Siedlinski, Piotr"]
[Black "Chmielarz, Maciej"]
[Result "1/2-1/2"]
[WhiteElo "2062"]
[BlackElo "2008"]
[Annotator "NA"]
[PlyCount "181"]
[EventDate "2019.09.07"]
[EventType "team-tourn"]
[EventCountry "POL"]
[SourceTitle "playchess.com"]
[Source "ChessBase"]
[SourceQuality "1"]
[TimeControl "40/5400+30:1800+30"]

1. e4 {[%emt 0:00:00]} c6 {[%emt 0:00:00]} 2. d4 {[%emt 0:00:00]} d5 {[%emt 0:00:00]} 3. Nd2 {[%emt 0:00:04]} dxe4 {[%emt 0:00:00]} 4. Nxe4 {[%emt 0:00:07]} Bf5 {[%emt 0:00:00]} 5. Ng3 {[%emt 0:00:45]} Bg6 {[%emt 0:00:00]} 6. h4 {[%emt 0:00:46]} h6 {[%emt 0:00:04]} 7. Nf3 {[%emt 0:01:03]} Nd7 {[%emt 0:00:07]} 8. h5 {[%emt 0:00:23]} Bh7 {[%emt 0:00:07]} 9. Bd3 {[%emt 0:00:38]} Bxd3 {[%emt 0:00:07]} 10. Qxd3 {[%emt 0:00:06]} Qc7 {[%emt 0:00:05]} 11. Bd2 {[%emt 0:01:03]} e6 {[%emt 0:00:15]} 12. O-O-O {[%emt 0:02:24]} Ngf6 {[%emt 0:00:54]} 13. Ne4 {[%emt 0:02:01]} c5 {[%emt 0:04:04]} 14. Nxf6+ {[%emt 0:16:11]} Nxf6 {[%emt 0:01:39]} 15. Qb5+ {[%emt 0:05:25]} Qd7 {[%emt 0:09:45]} 16. Qxd7+ {[%emt 0:01:56]} Nxd7 {[%emt 0:00:06]} 17. d5 {[%emt 0:04:16]} exd5 {[%emt 0:16:46]} 18. Rhe1+ {[%emt 0:00:43]} Be7 {[%emt 0:03:03]} 19. Bf4 {[%emt 0:01:10]} Nf8 {[%emt 0:03:06]} 20. Rxd5 {[%emt 0:04:23]} Ne6 {[%emt 0:02:54]} 21. Be3 {[%emt 0:02:30]} Rc8 {[%emt 0:09:17]} 22. Red1 {[%emt 0:02:24]} Rc7 {[%emt 0:03:08]} 23. Ne5 {[%emt 0:06:41]} O-O {[%emt 0:03:55]} 24. f4 {[%emt 0:05:46]} Rfc8 {[%emt 0:08:25]} 25. c4 {[%emt 0:04:31]} Nd4 {[%emt 0:25:06]} 26. b3 {[%emt 0:06:12]} Ne2+ {[%emt 0:01:14]} 27. Kc2 {[%emt 0:02:12]} Ng3 {[%emt 0:00:40]} 28. Nf3 {[%emt 0:01:26]} Ne4 {[%emt 0:05:40]} 29. Re5 {[%emt 0:10:38]} Nf6 {[%emt 0:00:06]} 30. Bf2 {[%emt 0:01:00]} Ng4 {[%emt 0:00:52]} 31. Re2 {[%emt 0:00:01]} Bf6 {[%emt 0:01:29]} 32. Rd5 {[%emt 0:04:22]} Re7 {[%emt 0:01:40]} 33. Rxe7 {[%emt 0:07:02]} Bxe7 {[%emt 0:00:01]} 34. Rd7 {[%emt 0:00:01]} Bf6 {[%emt 0:00:39]} 35. Bg1 {[%emt 0:00:40]} Re8 {[%emt 0:00:42]} 36. Kd3 {[%emt 0:01:07]} b6 {[%emt 0:01:03]} 37. Rxa7 {[%emt 0:00:49]} Rd8+ {[%emt 0:00:17]} 38. Kc2 {[%emt 0:00:03]} Re8 {[%emt 0:00:59]} 39. Rd7 {[%emt 0:00:55]} Re2+ {[%emt 0:00:38]} 40. Rd2 {[%emt 0:00:00]} Re4 {[%emt 0:00:00]} 41. Rd6 {[%emt 0:04:35]} Re2+ {[%emt 0:02:50]} 42. Rd2 {[%emt 0:06:21]} Re4 {[%emt 0:00:06]} 43. g3 {[%emt 0:02:08]} Be7 {[%emt 0:04:29]} 44. Kd3 {[%emt 0:05:36]} Re6 {[%emt 0:00:29]} 45. Re2 {[%emt 0:03:02]} Rxe2 {[%emt 0:03:36]} 46. Kxe2 {[%emt 0:00:02]} Nf6 {[%emt 0:00:06]} 47. Ne5 {[%emt 0:00:30]} Nxh5 {[%emt 0:01:11]} 48. Kf3 {[%emt 0:00:10]} Nf6 {[%emt 0:03:29]} 49. b4 {[%emt 0:01:32]} cxb4 {[%emt 0:14:31]} 50. Bxb6 {[%emt 0:00:03]} g5 {[%emt 0:01:32]} 51. fxg5 {[%emt 0:04:52]} hxg5 {[%emt 0:00:02]} 52. Ba5 {[%emt 0:01:16]} Bd6 {[%emt 0:02:21]} 53. Nd3 {[%emt 0:02:59]} Nd7 {[%emt 0:00:07]} 54. Bxb4 {[%emt 0:06:17]} Bxb4 {[%emt 0:00:12]} 55. Nxb4 {[%emt 0:00:02]} Ne5+ {[%emt 0:00:04]} 56. Ke4 {[%emt 0:00:06]} Nxc4 {[%emt 0:00:47]} 57. Kf5 {[%emt 0:00:12]} Kf8 {[%emt 0:02:16]} 58. Kxg5 {[%emt 0:00:09]} Ke7 {[%emt 0:00:19]} 59. Kf5 {[%emt 0:01:38]} Nb6 {[%emt 0:01:00]} 60. Ke5 {[%emt 0:00:53]} f6+ {[%emt 0:00:28]} 61. Kf5 {[%emt 0:00:12]} Kf7 {[%emt 0:00:36]} 62. Nd3 {[%emt 0:01:07]} Nc4 {[%emt 0:00:36]} 63. Nc5 {[%emt 0:00:24]} Nd6+ {[%emt 0:00:32]} 64. Kf4 {[%emt 0:00:02]} Kg6 {[%emt 0:00:49]} 65. a4 {[%emt 0:00:30]} Nc4 {[%emt 0:00:29]} 66. Nb7 {[%emt 0:00:15]} Kf7 {[%emt 0:00:21]} 67. a5 {[%emt 0:00:54]} Ke6 {[%emt 0:00:39]} 68. a6 {[%emt 0:00:28]} Kd5 {[%emt 0:00:36]} 69. a7 {[%emt 0:01:01]} Nb6 {[%emt 0:00:03]} 70. Kf5 {[%emt 0:00:14]} Kc6 {[%emt 0:00:22]} 71. Na5+ {[%emt 0:00:31]} Kb5 {[%emt 0:00:37]} 72. Nb3 {[%emt 0:02:03]} Ka6 {[%emt 0:00:00]} 73. Kxf6 {[%emt 0:00:12]} Kxa7 {[%emt 0:00:01]} 74. Ke6 {[%emt 0:01:34]} Kb7 {[%emt 0:01:10]} 75. g4 {[%emt 0:00:17]} Kc7 {[%emt 0:00:22]} 76. Nc5 {[%emt 0:00:22]} Kd8 {[%emt 0:00:57]} 77. Kf7 {[%emt 0:01:17]} Nd5 {[%emt 0:00:16]} 78. g5 {[%emt 0:00:12]} Ne7 {[%emt 0:01:11]} 79. Kf6 {[%emt 0:01:28]} Ke8 {[%emt 0:00:18]} 80. Ne6 {[%emt 0:00:14]} Nd5+ {[%emt 0:00:44]} 81. Kf5 {[%emt 0:00:22]} Ne7+ {[%emt 0:00:31]} 82. Kf6 {[%emt 0:00:02]} Nd5+ {[%emt 0:00:07]} 83. Kg7 {[%emt 0:00:06]} Ne7 {[%emt 0:00:51]} 84. Nc7+ {[%emt 0:00:24]} Kd8 {[%emt 0:00:29]} 85. Kf6 {[%emt 0:00:29]} Kd7 {[%emt 0:00:31]} 86. Kf7 {[%emt 0:00:01]} Nc6 {[%emt 0:00:33]} 87. Nd5 {[%emt 0:00:30]} Kd6 {[%emt 0:00:12]} 88. Kf6 {[%emt 0:01:17]} Kxd5 {[%emt 0:00:45]} 89. g6 {[%emt 0:00:01]} Kd6 {[%emt 0:00:10]} 90. g7 {[%emt 0:00:05]} Ne7 {[%emt 0:00:08]} 91. g8=N 1/2-1/2

[Event "POL-chT 2 Liga 2019"]
[Site "Poronin"]
[Date "2019.09.07"]
[Round "1.18"]
[White "Czerwinska, Milena"]
[Black "Guzik, Jolanta"]
[Result "1/2-1/2"]
[WhiteElo "2006"]
[BlackElo "2012"]
[Annotator "NA"]
[PlyCount "42"]
[EventDate "2019.09.07"]
[EventType "team-tourn"]
[EventCountry "POL"]
[SourceTitle "playchess.com"]
[Source "ChessBase"]
[SourceQuality "1"]
[TimeControl "40/5400+30:1800+30"]

1. e4 {[%emt 0:00:00]} e6 {[%emt 0:00:00]} 2. d4 {[%emt 0:00:00]} d5 {[%emt 0:00:00]} 3. e5 {[%emt 0:00:00]} c5 {[%emt 0:00:00]} 4. c3 {[%emt 0:00:00]} Nc6 {[%emt 0:00:02]} 5. Nf3 {[%emt 0:00:04]} Bd7 {[%emt 0:00:11]} 6. Be2 {[%emt 0:02:04]} f6 {[%emt 0:00:06]} 7. exf6 {[%emt 0:05:27]} Nxf6 {[%emt 0:00:09]} 8. Bf4 {[%emt 0:03:53]} Be7 {[%emt 0:01:05]} 9. O-O {[%emt 0:02:30]} O-O {[%emt 0:00:08]} 10. Bd3 {[%emt 0:25:29]} cxd4 {[%emt 0:09:00]} 11. Nxd4 {[%emt 0:09:09]} Nxd4 {[%emt 0:00:45]} 12. cxd4 {[%emt 0:00:05]} Qb6 {[%emt 0:00:26]} 13. Qd2 {[%emt 0:03:08]} Bb4 {[%emt 0:02:42]} 14. Nc3 {[%emt 0:02:19]} Rac8 {[%emt 0:00:11]} 15. Rac1 {[%emt 0:07:53]} Bd6 {[%emt 0:05:58]} 16. Bg3 {[%emt 0:10:25]} Bxg3 {[%emt 0:09:38]} 17. hxg3 {[%emt 0:00:07]} a6 {[%emt 0:01:38]} 18. b3 {[%emt 0:03:14]} Qd6 {[%emt 0:03:48]} 19. Qf4 {[%emt 0:04:22]} Qb4 {[%emt 0:02:04]} 20. Qd2 {[%emt 0:04:17]} Qd6 {[%emt 0:06:22]} 21. Qf4 {[%emt 0:02:34]} Qb4 {[%emt 0:02:01]} 1/2-1/2